000
00292nam a2200109Ia 4500
008
230907s9999||||xx |||||||||||||| ||und||
082
_a
692
_b
ASTM
245
0
_a
ASTM standards on building economics.
260
_a
ASTM,
_b
West Conshohocken, PA :
_c
2007
300
_a
vii, 373 p. :
942
_c
BK
999
_c
600045
_d
600045